| 000 | 01012nas a2200325 4500 | ||
|---|---|---|---|
| 001 | BR2014006470 | ||
| 003 | BR-BrBNA | ||
| 005 | 20231205124617.0 | ||
| 007 | ta | ||
| 008 | 230509b bl.|||p| |||| 00| 00por d | ||
| 040 |
_aBR-BrBNA _bpor _cBiblioteca Nacional de Agricultura |
||
| 041 | _a(En) | ||
| 072 | _aH60; M40 | ||
| 100 | 1 | _aReimche, G.B. | |
| 100 | 1 | _aMachado, S.L. de Ol | |
| 100 | 1 | _aZanella, R. | |
| 100 | 1 | _aVicari, M.C. de | |
| 100 | 1 | _aPiccinini, F. | |
| 100 | 1 | _aGolombieski, J.I. | |
| 100 | 1 | _aReck, L. | |
| 245 | 1 | _aZooplankton community responses to the mixture of imazethapyr with imazapic and bispyribac-sodium herbicides under rice paddy water conditions | |
| 650 | _aARROZ IRRIGADO | ||
| 650 | _aZOOPLÂNCTON | ||
| 650 | _aCRUSTÁCEO | ||
| 650 | _aHERBICIDA | ||
| 650 | _aBIOLOGIA AQUÁTICA | ||
| 773 | 0 |
_tCiência Rural (Brazil) _xISSN 0103-8478 _g(Aug 2014), v. 44(8) p. 1392-1397 _wBR2014006470 |
|
| 909 |
_a202311 _bLúcia _c55 _dLúcia Elande |
||
| 942 |
_2AGRIS _n0 _cANA |
||
| 999 |
_c239972 _d239972 |
||